000 00616nam a2200205 i 4500
001 11626
003 ES-MaACL
005 20230906150136.0
007 t|
008 960705s1995 sp ||||1| spa d
020 _a84-605-4525-3
080 _a929 Borgia, Lucrezia
100 1 _aFernández-Falero, Jesús.
_949768
245 1 0 _aHistoria emocional de Lucrecia Borgia /
_cJesús Martínez-Falero.
250 _a1ª ed.
260 _aMadrid :
_b[s.n.],
_c1995.
300 _a131 p. :
_bil. ;
_c16 cm.
600 1 4 _aBorgia, Lucrezia.
_930479
852 _aES-MaACL
_jL-18881
_bR.125061
_q. - Ded. autógr. del autor
999 _c11626
_d11626